The canadian writer´s handbook
Gorde:
| Egile nagusia: | |
|---|---|
| Formatua: | Liburua |
| Hizkuntza: | English |
| Argitaratua: |
Canadá
Prentice Hall
1980
|
| Gaiak: | |
| Etiketak: |
Etiketa erantsi
Etiketarik gabe, Izan zaitez lehena erregistro honi etiketa jartzen!
|
MARC
| LEADER | 00000nam a2200000Ia 4500 | ||
|---|---|---|---|
| 008 | 170316s9999 xx 000 0 eng d | ||
| 040 | |a cru BVZT | ||
| 090 | |a 818 M-16c | ||
| 100 | |a Messenger, William E. | ||
| 245 | 4 | |a The canadian writer´s handbook | |
| 260 | |a Canadá | ||
| 260 | |b Prentice Hall | ||
| 260 | |c 1980 | ||
| 300 | |a 519 páginas | ||
| 650 | |a LITERATURA CANADIENSE | ||
| 999 | |c 6554 |d 6554 | ||
| 942 | |c 15 D |h 818 M-16c |2 z | ||
